ظاهرة جناح الأحداث في الأردن : (رقم التسجيلة. 35704)

تفاصيل مارك
000 -الفاتح
عناصر البيانات ثابتة الطول 00820cam a2200193 i 4500
005 - تاريخ ووقت آخر معاملة
حقل ضبط 20260128095522.0
008 - عناصر البيانات ثابتة الطول
عناصر البيانات ثابتة الطول 250721s2001 jo gr 000 0 ara d
082 14 - رقم تصنيف ديوي العشري
رقم التصنيف 364.36
رقم المادة ش ن ا
100 1# - مدخل رئيسي – اسم شخصي
الاسم الشخصي شناق، عبد الحفيظ محمد حمد
علاقة الشخص بالعمل/ دوره مؤلف.
245 10 - بيان العنوان
العنوان ظاهرة جناح الأحداث في الأردن :
بقية العنوان دراسة ذات طابع شمولي وصفية تجريبية /
بيان المسؤولية الدكتور عبدالحفيظ محمد حمد شناق.
250 ## - بيان الطبعة
بيان الطبعة الطبعة الأولى.
264 31 - بيانات النشر، التوزيع…إلخ
مكان النشر، التوزيع...إلخ عمان :
اسم الناشر، الموزع...إلخ المركز العربي للخدمات الطلابية،
تاريخ النشر، التوزيع...إلخ 2001.
300 ## - الوصف المادي
عدد الوحدات المكونة للوعاء 378 صفحة.
650 17 - مدخل إضافي بالموضوع - مصطلح موضوعي
مصطلح موضوعي أو اسم جغرافي كعنصر مدخل الأطفال.
650 17 - مدخل إضافي بالموضوع - مصطلح موضوعي
مصطلح موضوعي أو اسم جغرافي كعنصر مدخل النتنشئة الإجتماعية.
650 17 - مدخل إضافي بالموضوع - مصطلح موضوعي
مصطلح موضوعي أو اسم جغرافي كعنصر مدخل النظرية الفلسفية.
942 ## - بيانات إضافية (كوها)
نوع التنصيف Dewey Decimal Classification
نوع المادة (كوها) كتب
المقتنيات
حالة السحب حالة الفقدان مصدر التصنيف حالة التلف غير قابل للإعارة المكتبة الرئيسية المكتبة الحالية موقع الرف تاريخ التزويد الرقم المتسلسل Total Checkouts رقم الإستدعاء الباركود تاريخ آخر ظهور تاريخ الفاتورة نوع المادة (كوها)
    Dewey Decimal Classification     المكتبة المركزية المكتبة المركزية الإعارة 06/07/2004 464551   364.36 / ش ن ا 464551 28/07/2025 06/07/2004 كتب
    Dewey Decimal Classification     المكتبة المركزية المكتبة المركزية الإعارة 06/07/2004 464550   364.36/شنا 464550 28/07/2025 06/07/2004 كتب
    Dewey Decimal Classification     المكتبة المركزية المكتبة المركزية الإعارة 21/09/2011 [17250]   364.36/شنا PLD00223953 28/07/2025 21/09/2011 كتب
    Dewey Decimal Classification     مكتبة أم قصير والمقابلين العامة مكتبة أم قصير والمقابلين العامة الإعارة 14/07/2014 464571   364.36/شنا PLD00335571 28/07/2025 14/07/2014 كتب
    Dewey Decimal Classification     مكتبة الجويدة مكتبة الجويدة الإعارة 19/04/2015 464567   364.36/شنا PLD00320649 28/07/2025 19/04/2015 كتب
    Dewey Decimal Classification     مكتبة الراية الهاشمية للأطفال مكتبة الراية الهاشمية للأطفال الأطفال 16/09/2015 1466735   364.36/شنا PLD00347728 28/07/2025 16/09/2015 كتب
    Dewey Decimal Classification   Not For Loan مكتبة تاريخ الأردن مكتبة تاريخ الأردن لا يعار 10/11/2009 1329625   364.36/شنا PLD00118106 28/07/2025 10/11/2009 كتب
    Dewey Decimal Classification     مكتبة حمزة العامة مكتبة حمزة العامة الإعارة 06/02/2016 464569   364.36/شنا PLD00371838 28/07/2025 06/02/2016 كتب
    Dewey Decimal Classification     مكتبة صويلح العامة مكتبة صويلح العامة الإعارة 04/05/2019 464564   364.36/شنا PLD00452252 28/07/2025 04/05/2019 كتب
Implemented & Customized by: BBB with SCIT (Smart Chains for Information Technology)

Powered by Koha